Central Library OPAC University of Rajshahi

Clinical chemistry : (Record no. 9353)

MARC details
000 -LEADER
fixed length control field 00783cam a22002771 4500
001 - CONTROL NUMBER
control field 9353
003 - CONTROL NUMBER IDENTIFIER
rucl marc code BD-RjUL
005 - DATE AND TIME OF LATEST TRANSACTION
control field 20211208234749.0
008 - FIXED-LENGTH DATA ELEMENTS--GENERAL INFORMATION
fixed length control field 140120s1964 xx a 001 0 eng
035 ## - SYSTEM CONTROL NUMBER
System control number (BD-RjUL)9398
System control number (OCoLC)14615247
040 ## - CATALOGING SOURCE
Original cataloging agency DLC
Transcribing agency DNLM
Modifying agency OCl
-- OCoLC
-- DLC
-- BD-RjUL
Language of cataloging eng
041 ## - LANGUAGE CODE
Language code of text/sound track or separate title eng
060 0# - NATIONAL LIBRARY OF MEDICINE CALL NUMBER
Classification number QY 90
Item number A615c 1964
082 ## - DEWEY DECIMAL CLASSIFICATION NUMBER
Classification number 616.0756
Author mark and year ANC 1964
100 1# - MAIN ENTRY--PERSONAL NAME
Personal name Annino, Joseph S.
9 (RLIN) 28985
245 10 - TITLE STATEMENT
Title Clinical chemistry :
Remainder of title principles and procedures /
Statement of responsibility, etc. Joseph S. Annino.
250 ## - EDITION STATEMENT
Edition statement 3d ed.
260 ## - PUBLICATION, DISTRIBUTION, ETC. (IMPRINT)
Place of publication, distribution, etc. Boston :
Name of publisher, distributor, etc. Little, Brown,
Date of publication, distribution, etc. [c1964]
300 ## - PHYSICAL DESCRIPTION
Pagination xxii, 400 p. :
Illustrations ill. ;
Size 22 cm.
504 ## - BIBLIOGRAPHY, ETC. NOTE
Bibliography, etc Includes Index.
650 #0 - SUBJECT ADDED ENTRY--TOPICAL TERM
Topical term or geographic name as entry element Clinical chemistry.
9 (RLIN) 28986
942 ## - ADDED ENTRY ELEMENTS (KOHA)
Source of classification or shelving scheme Dewey Decimal Classification
Koha item type Books
Holdings
Lost status Source of classification or shelving scheme Damaged status Not for loan Collection code Permanent Location Current Location Shelving location Date acquired Source of acquisition Cost, normal purchase price Total Checkouts Full call number Date last seen Copy number Koha item type
  Dewey Decimal Classification   Not For Loan Non-fiction Central Library, University of Rajshahi Central Library, University of Rajshahi Reading Room 25/06/1966 Asia Foundation 0.00   616.0756 ANC 1964 20/01/2014 C-1 Books